A framework for planning the English curriculum for Malaysian secondary schools /
Saved in:
| Main Author: | |
|---|---|
| Format: | Thesis Book |
| Language: | English |
| Published: |
1984.
|
| Subjects: | |
| Tags: |
Add Tag
No Tags, Be the first to tag this record!
|
| LEADER | 00986cam a2200277 4500 | ||
|---|---|---|---|
| 001 | u48382 | ||
| 003 | SIRSI | ||
| 008 | 860320s1984 si v 0 eng | ||
| 015 | |a X860000171 | ||
| 035 | |a AAF-2077 | ||
| 040 | |a UMM | ||
| 043 | |a a-my--- | ||
| 090 | 0 | 0 | |a LB1579 |b E5Fer |
| 093 | 0 | |a LB1579 |b Fer | |
| 100 | 1 | 0 | |a Fernandez, James |
| 245 | 1 | 2 | |a A framework for planning the English curriculum for Malaysian secondary schools / |c by James Fernandez |
| 260 | |c 1984. | ||
| 300 | |a ix, 252 leaves : |b ill. ; |c 30cm | ||
| 502 | |a Dissertation (M.A.) -- National University of Singapore, 1984. | ||
| 504 | 0 | 0 | |a Bibliography: leaves 230-252 |
| 650 | 0 | |a English language |x Study and teaching (Secondary) |z Malaysia | |
| 650 | 0 | |a Curriculum planning |z Malaysia | |
| 948 | |a 16/03/1991 |b 12/06/1996 | ||
| 596 | |a 1 6 | ||
| 999 | |a LB1579 E5FER |w LC |c 1 |i A002916590 |d 9/11/2000 |l STACKS |m P01UTAMA |n 5 |r Y |s Y |t TESIS |u 9/1/1992 | ||
| 999 | |a LB1579 FER |w LC |c 1 |i A500496333 |l STACKS |m P06BAHASA |r Y |s Y |t TESIS |u 22/6/1992 | ||
